|
|
|
|
| LEADER |
00000nas a22000001a 4500 |
| 001 |
vtls010301022 |
| 003 |
SK-MaSNL |
| 005 |
20260228162921.0 |
| 008 |
110810d19541955xo zx p r 0 b0slo |
| 015 |
|
|
|a SNBDS17XX9999
|
| 015 |
|
|
|a 0047
|2 Balúnová 1945-60
|
| 038 |
|
|
|a SNKBUDS
|
| 040 |
|
|
|a SNK
|b slo
|c SNK
|e AACR2
|
| 041 |
0 |
|
|a slo
|
| 044 |
|
|
|a xo
|c SK
|
| 080 |
|
|
|a 070.487
|2 2001
|
| 080 |
|
|
|a 82-7
|2 2001
|
| 245 |
0 |
0 |
|a Bodliačik
|b satirická príloha závodného časopisu Svit práce
|
| 260 |
|
|
|a Svit
|b [s.n.]
|c 1954-1955
|
| 300 |
|
|
|a 2 roč.
|c 22 x 31 cm
|
| 310 |
|
|
|a Periodicita sa nedá určiť
|
| 362 |
0 |
|
|a Č. 36 (25.9.1954)-č. 1 (8.1.1955)
|
| 500 |
|
|
|a Vych. vo Svite [nepravidelne]
|
| 500 |
|
|
|a Tlač. rozmnož. rotaprintom
|
| 500 |
|
|
|a Vych. od 25. sept. 1954 od č. 36/1954 záv. čas. Svit práce; nemá samostatnú tiráž; posl. známe č. z 8. jan. 1955
|
| 505 |
8 |
0 |
|g Roč. 1954 2 č. po 2 s.
|
| 505 |
8 |
0 |
|g Roč. 1955 1 č. 4 s.
|
| 650 |
0 |
7 |
|a satira
|2 SNKPH
|9 1764
|
| 655 |
|
7 |
|a satirické časopisy
|2 SNKBUDS
|9 272501
|
| 772 |
0 |
|
|t Svit práce
|
| 852 |
|
|
|a SNK
|b 10000
|h ČSA 300
|
| 852 |
|
|
|a UKB
|b 300000
|h SB 1182
|
| 852 |
|
|
|a SVKKK
|b 900000
|h E 212
|
| 999 |
|
|
|c 8550
|d 10480
|